| 000 | 00870nam a2200241 a 4500 | ||
|---|---|---|---|
| 001 | 000035720 | ||
| 005 | 20240513095117.0 | ||
| 008 | 111109s1953 mx 000 0 spa d | ||
| 040 |
_aDO-SdBNP _bspa _cBNPHU |
||
| 082 |
_a290 _bM625r, 1953 |
||
| 100 | 1 |
_aMicklem, Nathaniel _961653 |
|
| 245 | 1 | 3 |
_aLa religión / _cNathaniel Micklem. |
| 250 | _a2a ed. | ||
| 260 |
_aMéxico : _bFondo de Cultura Económica, _c1953. |
||
| 300 |
_a218 p. ; _c17 cm. |
||
| 490 | 1 |
_aBreviarios del Fondo de Cultura Económica; _v23 |
|
| 500 | _aIncluye referencias bibliográficas y notas al pie de las páginas. | ||
| 504 | _aBibliografía : p. 211-216 | ||
| 590 | _aPerteneció a la biblioteca personal de Juan Isidro Jimenes Grullón. | ||
| 650 | 0 |
_aReligión _91906 |
|
| 830 | 3 |
_aBreviarios del Fondo de Cultura Económica; _n23 _961654 |
|
| 910 | _aValidado. Control de calidad MFF | ||
| 999 |
_c35211 _d35211 |
||